[Event "Superettan(Burgsvik-Orebro)"]
[Site "?"]
[Date "2012.03.11"]
[Round "9"]
[White "Lundin, Jan"]
[Black "Fries Nielsen, Niels J"]
[Result "1/2-1/2"]
[WhiteElo "2323"]
[BlackElo "2390"]
[PlyCount "85"]

1. e4 g6 2. Nc3 Bg7 3. g3 e6 4. Bg2 Ne7 5. h4 h6 6. Nf3 d6 7. d3 c5 8. d4 cxd4
9. Nxd4 a6 10. O-O O-O 11. Be3 Nbc6 12. Qd2 Kh7 13. Nxc6 bxc6 14. Rad1 d5 15.
b3 f5 16. exd5 cxd5 17. Na4 Bd7 18. Nc5 Qc8 19. Rfe1 Be8 20. Nxe6 Qxe6 21. Bc5
Qc8 22. Bxe7 Rf7 23. Bxd5 Bc3 24. Qf4 Bxe1 25. Rxe1 Ra7 26. Bxf7 Bxf7 27. c4
Rd7 28. h5 gxh5 29. Qxf5+ Bg6 30. Qf4 Qe8 31. Bb4 Qd8 32. Bf8 Qg5 33. Qxg5 hxg5
34. Re7+ Rxe7 35. Bxe7 Bb1 36. c5 Bxa2 37. b4 Kg6 38. f4 gxf4 39. gxf4 Kf5 40.
Bd6 Bd5 41. Kh2 Kg4 42. Be5 Be4 43. Bd6 1/2-1/2

[Event "Superettan(Burgsvik-Orebro)"]
[Site "?"]
[Date "2012.03.11"]
[Round "9"]
[White "Fries Nielsen, Jens Ove"]
[Black "Nygren, Kim"]
[Result "1-0"]
[WhiteElo "2394"]
[BlackElo "2352"]
[PlyCount "133"]

1. d4 d5 2. Bf4 Nc6 3. Nc3 e5 4. dxe5 d4 5. Ne4 Qd5 6. Nd2 Bf5 7. c4 dxc3 8.
bxc3 O-O-O 9. Qb3 Nge7 10. Ngf3 Qxb3 11. axb3 Nd5 12. e4 Nxf4 13. exf5 Nxe5 14.
Nxe5 Re8 15. Kd1 Rxe5 16. g3 Nd5 17. Nc4 Re8 18. Kc2 Kb8 19. Bg2 c6 20. Ra5 Nb6
21. Ne3 Bd6 22. Rha1 Nc8 23. R5a4 Bc5 24. Kd3 Rd8+ 25. Ke2 Rhe8 26. Rh4 Nd6 27.
Rd1 h6 28. f6 gxf6 29. Rxh6 Bxe3 30. fxe3 Re7 31. Rxf6 Kc7 32. c4 Ne8 33. Rxd8
Nxf6 34. Rd4 a5 35. g4 Nd7 36. Re4 Ne5 37. c5 b5 38. cxb6+ Kxb6 39. g5 c5 40.
h4 c4 41. bxc4 Kc5 42. h5 a4 43. h6 a3 44. h7 a2 45. h8=Q a1=Q 46. Qc8+ Kb4 47.
Qb8+ Ka3 48. Qa8+ Kb2 49. Qxa1+ Kxa1 50. c5 Kb2 51. Rb4+ Ka3 52. Rb7 Re6 53.
Bd5 Rg6 54. Re7 Nc6 55. Bxc6 Rxc6 56. Rxf7 Rxc5 57. g6 Rg5 58. Rf6 Kb4 59. Kf3
Kc5 60. Kf4 Rg1 61. Ke5 Rg3 62. e4 Rg4 63. Kf5 Rg1 64. Ke6 Kd4 65. Kf7 Ke5 66.
Re6+ Kd4 67. g7 1-0

[Event "Superettan(Burgsvik-Orebro)"]
[Site "?"]
[Date "2012.03.11"]
[Round "9"]
[White "Gruvaeus, Curt"]
[Black "Krupenski, Juri"]
[Result "1/2-1/2"]
[WhiteElo "2329"]
[BlackElo "2291"]
[PlyCount "99"]

1. d4 Nf6 2. Nf3 e6 3. g3 b6 4. Bg2 Bb7 5. O-O c5 6. b3 Be7 7. c4 cxd4 8. Bb2
O-O 9. Qxd4 d6 10. Nc3 a6 11. Rfd1 Nbd7 12. Bh3 Qc7 13. Ng5 Qc6 14. Nf3 Rfc8
15. Bg2 Bf8 16. Rac1 Nc5 17. Ne1 Qc7 18. e4 Qb8 19. Nc2 Ra7 20. Qe3 Ba8 21. Nd4
g6 22. h3 Bg7 23. f3 Re7 24. g4 Ree8 25. Qf2 d5 26. g5 Nh5 27. cxd5 exd5 28. b4
dxe4 29. fxe4 Ne6 30. Nd5 Rxc1 31. Rxc1 Bxd5 32. exd5 Nef4 33. Bf1 Qe5 34. h4
Qxd5 35. Rc7 Be5 36. Rc2 Ng3 37. Nf3 Bxb2 38. Qxg3 Bd4+ 39. Kh2 Nh5 40. Qg4
Be5+ 41. Kg1 Bf4 42. Rc8 Rxc8 43. Qxc8+ Kg7 44. Qc3+ f6 45. Qd3 Qe6 46. gxf6+
Nxf6 47. Qe2 Be3+ 48. Kh1 Qe4 49. Bg2 Kh6 50. Qb2 1/2-1/2

[Event "Superettan(Burgsvik-Orebro)"]
[Site "?"]
[Date "2012.03.11"]
[Round "9"]
[White "Andersson, Bjorn"]
[Black "Zetterberg, Staffan"]
[Result "1-0"]
[WhiteElo "2318"]
[BlackElo "2309"]
[PlyCount "53"]

1. e4 Nf6 2. e5 Nd5 3. Nf3 d6 4. Nc3 Nb6 5. d4 g6 6. Be3 Bg7 7. Qd2 Nc6 8. Bh6
O-O 9. O-O-O Bg4 10. Bxg7 Kxg7 11. Qe3 Qc8 12. h3 Bxf3 13. gxf3 Nb4 14. exd6
cxd6 15. d5 Qc5 16. a3 Na6 17. Rd4 Rac8 18. Qd2 Qa5 19. Rh4 h5 20. Rxh5 Rh8 21.
Qd4+ f6 22. Rxh8 Rxh8 23. Qe4 Nc8 24. Rg1 Rh6 25. Bd3 g5 26. Qg4 Qc5 27. Ne4
1-0

[Event "Superettan(Burgsvik-Orebro)"]
[Site "?"]
[Date "2012.03.11"]
[Round "9"]
[White "Lind, Jan-Olov"]
[Black "Linusson, Pelle"]
[Result "1-0"]
[WhiteElo "2251"]
[BlackElo "2109"]
[PlyCount "79"]

1. e4 e5 2. Nf3 Nc6 3. Be2 Nf6 4. d3 d5 5. Nbd2 Bc5 6. O-O O-O 7. c3 a5 8. b3
Re8 9. a3 d4 10. Bb2 dxc3 11. Bxc3 Nd4 12. Nxd4 Bxd4 13. Qc2 c5 14. Rac1 b6 15.
Qb2 Bxc3 16. Qxc3 Ba6 17. Nc4 Qc7 18. g3 a4 19. b4 Nd7 20. Ne3 Qd6 21. Nf5 Qf8
22. f4 Rac8 23. Qb2 g6 24. Ne3 cxb4 25. axb4 Bb7 26. Rxc8 Bxc8 27. f5 Bb7 28.
fxg6 hxg6 29. Ng4 Re7 30. Bd1 b5 31. Bc2 Kg7 32. Bb1 Qd8 33. Qc1 Qb6+ 34. Kh1
Qe6 35. Qh6+ Kg8 36. Qg5 Nf8 37. Ba2 Nh7 38. Nh6+ Kg7 39. Qh4 Qd7 40. Nxf7 1-0

[Event "Superettan(Burgsvik-Orebro)"]
[Site "?"]
[Date "2012.03.11"]
[Round "9"]
[White "Akerman, Axel"]
[Black "Drugge, Patrick"]
[Result "1/2-1/2"]
[WhiteElo "2195"]
[BlackElo "2259"]
[PlyCount "30"]

1. e4 d6 2. d4 Nf6 3. Nc3 e5 4. Nf3 exd4 5. Nxd4 g6 6. Bc4 Bg7 7. Bg5 h6 8. Bh4
O-O 9. O-O c6 10. a4 Qb6 11. Nb3 g5 12. a5 Qc7 13. Bg3 Rd8 14. f4 g4 15. Bd3
Nh5 1/2-1/2

[Event "Superettan(Burgsvik-Orebro)"]
[Site "?"]
[Date "2012.03.11"]
[Round "9"]
[White "Blomstrom, Lars"]
[Black "Scheid, Adam"]
[Result "1-0"]
[WhiteElo "2142"]
[BlackElo "1996"]
[PlyCount "59"]

1. e4 c5 2. Nc3 Nc6 3. f4 g6 4. Nf3 Bg7 5. Bb5 Nd4 6. Bc4 d6 7. Nxd4 Bxd4 8.
Qf3 a6 9. a4 e6 10. d3 Ne7 11. Be3 Qa5 12. O-O Bxc3 13. bxc3 Qxc3 14. f5 gxf5
15. Qg3 fxe4 16. Qxd6 Nf5 17. Rxf5 Qxa1+ 18. Rf1 Qxa4 19. Bxc5 Qd7 20. Qg3 f5
21. Rxf5 b5 22. Bxe6 Qxe6 23. Re5 Kf7 24. Rxe6 Bxe6 25. Qf4+ Kg6 26. Be7 Bf5
27. Qg5+ Kf7 28. Qf6+ Ke8 29. Qxh8+ Kxe7 30. Qxa8 1-0

[Event "Superettan(Burgsvik-Orebro)"]
[Site "?"]
[Date "2012.03.11"]
[Round "9"]
[White "Larsson, Victor"]
[Black "Jonsson, Krister"]
[Result "1/2-1/2"]
[WhiteElo "2185"]
[BlackElo "2141"]
[PlyCount "41"]

1. d4 Nf6 2. c4 e6 3. Nc3 Bb4 4. e3 c5 5. Nge2 cxd4 6. exd4 O-O 7. g3 d5 8. Qb3
Bxc3+ 9. bxc3 dxc4 10. Qxc4 Bd7 11. Bg2 Bc6 12. O-O Qa5 13. Qb3 Rc8 14. Rb1 b6
15. c4 Bxg2 16. Kxg2 Nbd7 17. Be3 Rc7 18. Rfc1 Rac8 19. Nf4 Qa6 20. Qb5 Qb7+
21. Kg1 1/2-1/2

[Event "Superettan(Schack 08-Farsta)"]
[Site "?"]
[Date "2012.03.11"]
[Round "9"]
[White "Livner, Anders"]
[Black "Laveryd, Peter"]
[Result "1/2-1/2"]
[WhiteElo "2439"]
[BlackElo "2426"]
[PlyCount "90"]

1. d4 d6 2. Nf3 Bg4 3. c4 c6 4. Nc3 e6 5. e4 Nf6 6. Be2 Be7 7. O-O O-O 8. Re1
d5 9. exd5 cxd5 10. h3 Bh5 11. cxd5 Nxd5 12. Qb3 Nb6 13. d5 exd5 14. Be3 Nc6
15. Red1 Bg6 16. Nxd5 Nxd5 17. Rxd5 Qc7 18. Rc1 Rfd8 19. Rb5 Rdb8 20. Qc4 Qd7
21. Rd1 Qe8 22. Qf4 a6 23. Rbd5 Bf6 24. R1d2 Rd8 25. Bc4 Qe4 26. Qxe4 Bxe4 27.
Rd7 Rxd7 28. Rxd7 Nd8 29. Bg5 Bc6 30. Rc7 Bxb2 31. Bxd8 Rxd8 32. Rxf7 Kh8 33.
Bb3 Bf6 34. Rc7 h6 35. Nh2 Be5 36. Rf7 a5 37. Ng4 Bd6 38. Ne3 Rf8 39. Rxf8+
Bxf8 40. Bd5 Bxd5 41. Nxd5 Kg8 42. Kf1 Kf7 43. Ke2 Ke6 44. Nb6 Bc5 45. Nc4 a4
1/2-1/2

[Event "Superettan(Schack 08-Farsta)"]
[Site "?"]
[Date "2012.03.11"]
[Round "9"]
[White "Ingbrant, Johan"]
[Black "Ong, Kezli"]
[Result "1/2-1/2"]
[WhiteElo "2464"]
[BlackElo "2327"]
[PlyCount "63"]

1. d4 Nf6 2. c4 e6 3. Nc3 Bb4 4. Nf3 b6 5. Qc2 Bb7 6. a3 Bxc3+ 7. Qxc3 O-O 8.
g3 d6 9. Bg2 c5 10. dxc5 bxc5 11. O-O Qb6 12. Rd1 Nbd7 13. b3 Rfd8 14. Bb2 Nf8
15. Nd2 Bxg2 16. Kxg2 e5 17. Qf3 Ne6 18. Rab1 a5 19. Ne4 Nxe4 20. Qxe4 Nd4 21.
Bc3 Rab8 22. b4 axb4 23. axb4 cxb4 24. Rxb4 Qc5 25. Rxb8 Rxb8 26. Bxd4 Qxc4 27.
h4 h6 28. g4 Rc8 29. Qf5 exd4 30. Rxd4 Qxd4 31. Qxc8+ Kh7 32. Qf5+ 1/2-1/2

[Event "Superettan(Schack 08-Farsta)"]
[Site "?"]
[Date "2012.03.11"]
[Round "9"]
[White "von Bahr, Oskar"]
[Black "Renman, Nils-Gustaf"]
[Result "1-0"]
[WhiteElo "2348"]
[BlackElo "2417"]
[PlyCount "79"]

1. c4 f5 2. g3 Nf6 3. Bg2 e5 4. d4 d6 5. Nc3 c6 6. dxe5 dxe5 7. Qxd8+ Kxd8 8.
Nf3 Nbd7 9. e4 Bb4 10. exf5 Nb6 11. Nxe5 Re8 12. Bf4 Bxf5 13. O-O-O+ Ke7 14.
Bxc6 Bxc3 15. Bxe8 Bxe5 16. Rhe1 Rxe8 17. Rxe5+ Be6 18. b3 Kf7 19. f3 a6 20.
Rc5 Na8 21. Re5 Rc8 22. Kb2 Bd7 23. Bg5 Bc6 24. Bxf6 gxf6 25. Re3 Nc7 26. a4
Ne6 27. a5 Ng5 28. Rd6 Re8 29. Rxe8 Bxe8 30. f4 Ne4 31. Rd8 Bc6 32. Kc2 Nf2 33.
Kc3 Ng4 34. Rd2 f5 35. Kd4 Ke7 36. b4 Kd6 37. Rb2 Nf6 38. b5 axb5 39. cxb5 Be4
40. a6 1-0

[Event "Superettan(Schack 08-Farsta)"]
[Site "?"]
[Date "2012.03.11"]
[Round "9"]
[White "Schutz, Ingemar"]
[Black "Hjelm, Niclas"]
[Result "0-1"]
[WhiteElo "2233"]
[BlackElo "2367"]
[PlyCount "70"]

1. e4 e5 2. Nf3 Nc6 3. Bb5 Nf6 4. d3 Bc5 5. O-O Nd4 6. Nxd4 Bxd4 7. c3 Bb6 8.
Bg5 h6 9. Bh4 c6 10. Ba4 g5 11. Bg3 d6 12. Nd2 Bg4 13. Qb1 Qe7 14. Nc4 Bc7 15.
Ne3 Be6 16. b4 a6 17. d4 O-O-O 18. Rd1 h5 19. f3 h4 20. Bf2 g4 21. d5 g3 22.
dxe6 gxf2+ 23. Kxf2 fxe6 24. c4 Bb6 25. Qb3 Nh5 26. b5 Kc7 27. Rab1 Rb8 28. Kf1
Qg5 29. c5 Bxc5 30. Qxe6 axb5 31. Qf7+ Kb6 32. Nd5+ Ka7 33. Bxb5 Rhg8 34. g4
Rbf8 35. Bxc6 Rxf7 0-1

[Event "Superettan(Schack 08-Farsta)"]
[Site "?"]
[Date "2012.03.11"]
[Round "9"]
[White "Lissang, Christopher"]
[Black "Ottenklev, Niclas"]
[Result "1-0"]
[WhiteElo "2300"]
[BlackElo "2220"]
[PlyCount "79"]

1. d4 f5 2. g3 g6 3. Bg2 Nf6 4. Nf3 Bg7 5. O-O O-O 6. b3 d6 7. Bb2 Nh5 8. Qc1
c6 9. c4 Qe8 10. d5 e5 11. dxe6 Bxe6 12. Rd1 Qe7 13. Bxg7 Kxg7 14. Qa3 Rd8 15.
Nc3 Na6 16. Nd4 Nc5 17. b4 Nd7 18. b5 Ne5 19. bxc6 bxc6 20. Nxc6 Nxc6 21. Bxc6
Rac8 22. Bd5 Rd7 23. e3 Nf6 24. Ne2 Ne4 25. Rac1 h5 26. Nf4 Bf7 27. h4 Rc5 28.
Qd3 Kh7 29. Kg2 Rcc7 30. Qd4 Rc5 31. Bxf7 Qxf7 32. Nd5 Ra5 33. Rc2 Rd8 34. f3
Nc5 35. Nf6+ Kh6 36. Qf4+ Kg7 37. Nxh5+ gxh5 38. Qg5+ Kh7 39. Qxd8 Ra3 40. Qxd6
1-0

[Event "Superettan(Schack 08-Farsta)"]
[Site "?"]
[Date "2012.03.11"]
[Round "9"]
[White "Faldt, Magnus"]
[Black "Wieweg, Johnny"]
[Result "1-0"]
[WhiteElo "2216"]
[BlackElo "2160"]
[PlyCount "65"]

1. d4 Nf6 2. c4 g6 3. Nc3 Bg7 4. e4 d6 5. Nf3 O-O 6. h3 e5 7. d5 a5 8. Bg5 Na6
9. g4 Nc5 10. Nd2 c6 11. Qf3 Bd7 12. Rg1 Rb8 13. Be2 h6 14. Be3 cxd5 15. cxd5
b5 16. g5 Nh7 17. gxh6 Bf6 18. Qg2 Na4 19. Nd1 b4 20. Bc4 Bb5 21. Bxb5 Rxb5 22.
Rc1 Qd7 23. Qg4 Qxg4 24. Rxg4 Be7 25. Rc7 Re8 26. Rg1 Nf6 27. Bg5 Nxd5 28. exd5
Bxg5 29. Rxg5 Rxd5 30. Ne4 Re6 31. h7+ Kxh7 32. Rxf7+ Kg8 33. Rf6 1-0

[Event "Superettan(Schack 08-Farsta)"]
[Site "?"]
[Date "2012.03.11"]
[Round "9"]
[White "Jaderberg, Bjorn"]
[Black "Hansson, Christian"]
[Result "0-1"]
[WhiteElo "2207"]
[BlackElo "2098"]
[PlyCount "86"]

1. c4 f5 2. g3 Nf6 3. Bg2 d6 4. Nc3 e5 5. d3 Be7 6. e4 Nc6 7. Nge2 O-O 8. Nd5
Nd4 9. Nxd4 exd4 10. O-O c6 11. Nf4 Ng4 12. h3 Ne5 13. Kh2 Qb6 14. b3 a5 15.
exf5 Bxf5 16. g4 Bd7 17. Nh5 Be8 18. f4 Bxh5 19. gxh5 Nf7 20. Qg4 Bf6 21. Be4
Qc5 22. a4 Nh6 23. Qe2 Rad8 24. Rg1 Kh8 25. Ba3 Qb6 26. c5 dxc5 27. Raf1 Rfe8
28. Qc2 Be7 29. Qg2 Rg8 30. Bxh7 Kxh7 31. Qe4+ Kh8 32. Qxe7 Qxb3 33. Rxg7 Qa2+
34. Bb2 Qxb2+ 35. Kh1 Rxg7 36. Qxd8+ Kh7 37. Rg1 Rxg1+ 38. Kxg1 Qc1+ 39. Kg2
Qxf4 40. Qe7+ Qf7 41. Qxc5 Qd5+ 42. Qxd5 cxd5 43. Kf3 Kg7 0-1

[Event "Superettan(Schack 08-Farsta)"]
[Site "?"]
[Date "2012.03.11"]
[Round "9"]
[White "Fredriksson, Leif"]
[Black "Lagerborg, Krister"]
[Result "1-0"]
[WhiteElo "2122"]
[BlackElo "2141"]
[PlyCount "89"]

1. e4 c5 2. Nf3 d6 3. d4 cxd4 4. Nxd4 Nf6 5. Nc3 a6 6. a4 g6 7. Be2 Bg7 8. Be3
Bd7 9. f3 Nc6 10. Nb3 Na5 11. Qd2 h5 12. O-O Rc8 13. Rfd1 O-O 14. Kh1 Kh7 15.
Bf1 Nc4 16. Bxc4 Rxc4 17. Qf2 Be6 18. Nd4 Nd7 19. Nce2 Ne5 20. b3 Rc8 21. Rab1
Bd7 22. c4 Qa5 23. h3 Nc6 24. Nc2 Qc7 25. Bb6 Qb8 26. Ne3 Be6 27. Ng3 Ne5 28.
Bd4 b5 29. axb5 axb5 30. f4 Nc6 31. Bxg7 Kxg7 32. Rf1 bxc4 33. bxc4 Qa7 34. f5
Bd7 35. f6+ Kh7 36. Nxh5 gxh5 37. Qf3 exf6 38. Nd5 Rh8 39. Nxf6+ Kg6 40. Qg3+
Kh6 41. Nxd7 Qxd7 42. Rf6+ Kh7 43. Qg5 Qe6 44. Rxe6 fxe6 45. Rb7+ 1-0

[Event "Superettan(Rodeby-Upsala)"]
[Site "?"]
[Date "2012.03.11"]
[Round "9"]
[White "Andersson, Fredrik"]
[Black "Greiff, Hakan"]
[Result "1/2-1/2"]
[WhiteElo "2374"]
[BlackElo "2299"]
[PlyCount "30"]

1. d4 d5 2. c4 e6 3. Nf3 Nf6 4. g3 Be7 5. Bg2 O-O 6. O-O dxc4 7. Qc2 a6 8. a4
c5 9. Qxc4 Nc6 10. dxc5 e5 11. Bg5 Be6 12. Qc1 Qa5 13. Nc3 Qxc5 14. Bxf6 Bxf6
15. Ne4 Qxc1 1/2-1/2

[Event "Superettan(Rodeby-Upsala)"]
[Site "?"]
[Date "2012.03.11"]
[Round "9"]
[White "Svensson, Bo Anders"]
[Black "Burwick, Malte"]
[Result "1/2-1/2"]
[WhiteElo "2360"]
[BlackElo "2302"]
[PlyCount "127"]

1. c4 g6 2. g3 Bg7 3. Bg2 d6 4. Nc3 e5 5. d3 f5 6. e4 Nf6 7. Nge2 O-O 8. O-O
Nc6 9. Nd5 Be6 10. Bg5 Qd7 11. Qd2 Rae8 12. Rac1 Kh8 13. b4 Nd8 14. Nxf6 Bxf6
15. exf5 Bxf5 16. Bxf6+ Rxf6 17. d4 Bh3 18. dxe5 Rxe5 19. Bxh3 Qxh3 20. Nf4 Qh6
21. Rfe1 Ne6 22. Rcd1 Nxf4 23. gxf4 Qxf4 24. Rxe5 dxe5 25. Qe2 Qg5+ 26. Kf1 Qf5
27. Rd5 Qb1+ 28. Kg2 Qxb4 29. Qxe5 Qf8 30. Rd7 Kg8 31. Qd5+ Kh8 32. Qd4 Kg8 33.
Rxc7 Qd6 34. Qxd6 Rxd6 35. Rxb7 Rc6 36. Rxa7 Rxc4 37. a4 Rc3 38. a5 Ra3 39. f3
h6 40. Kg3 Ra4 41. a6 Kf8 42. Kf2 Ra3 43. h4 Ke8 44. Ke2 h5 45. Kd2 Kd8 46. f4
Ra4 47. Ke3 Kc8 48. Ra8+ Kc7 49. a7 Ra3+ 50. Ke4 Kb7 51. Rg8 Kxa7 52. Rxg6 Rh3
53. Kf5 Rxh4 54. Ke5 Rh1 55. f5 h4 56. Rh6 h3 57. f6 h2 58. f7 Re1+ 59. Kd6
Rd1+ 60. Ke7 Re1+ 61. Kd7 Rd1+ 62. Ke7 Re1+ 63. Kd7 Rd1+ 64. Ke7 1/2-1/2

[Event "Superettan(Rodeby-Upsala)"]
[Site "?"]
[Date "2012.03.11"]
[Round "9"]
[White "Johansson, Jan"]
[Black "Wahlbom, Magnus"]
[Result "1-0"]
[WhiteElo "2433"]
[BlackElo "2289"]
[PlyCount "53"]

1. d4 Nf6 2. c4 e6 3. Nf3 d5 4. Nc3 Be7 5. Bf4 O-O 6. e3 b6 7. cxd5 Nxd5 8.
Nxd5 exd5 9. Bd3 c5 10. Ne5 c4 11. Bc2 Bb7 12. Qh5 g6 13. Qf3 Nd7 14. O-O-O
Nxe5 15. dxe5 Qc8 16. Rd4 c3 17. h4 cxb2+ 18. Kb1 Qc3 19. Rd3 Qc5 20. Qd1 Rac8
21. h5 Ba6 22. Rb3 Qa5 23. hxg6 fxg6 24. Rxb2 Ba3 25. Rb3 Bc4 26. Qg4 Rc6 27.
Qd7 1-0

[Event "Superettan(Rodeby-Upsala)"]
[Site "?"]
[Date "2012.03.11"]
[Round "9"]
[White "Ostling, Hakan"]
[Black "Glimbrant, Torbjorn"]
[Result "0-1"]
[WhiteElo "2247"]
[BlackElo "2333"]
[PlyCount "156"]

1. d4 e6 2. Bf4 c5 3. c3 Nf6 4. e3 Nc6 5. Nd2 d5 6. Bd3 Bd6 7. dxc5 Bxc5 8.
Ngf3 a6 9. O-O O-O 10. e4 h6 11. Ne5 Nxe5 12. Bxe5 b5 13. Qe2 Bb7 14. Bxf6 Qxf6
15. e5 Qe7 16. Nb3 Bb6 17. a3 f6 18. Nd4 Bc7 19. f4 fxe5 20. fxe5 Bb6 21. Qg4
Rxf1+ 22. Rxf1 Rf8 23. Qg6 Rxf1+ 24. Kxf1 Qf7+ 25. Ke2 Qxg6 26. Bxg6 Bc7 27.
Nf3 Kf8 28. Ke3 Ke7 29. Kf4 Bc6 30. Nd4 Bd7 31. h4 Bb6 32. Bd3 Be8 33. g4 Bd7
34. Nc2 Bf2 35. h5 Bh4 36. Ke3 Bg5+ 37. Kd4 Bc1 38. b3 Bc8 39. a4 bxa4 40. bxa4
Kd7 41. Nb4 a5 42. Bb5+ Kc7 43. Nc6 Kb6 44. Ne7 Kc7 45. Nc6 Kb6 46. Ne7 Kc7 47.
Ng6 Bg5 48. c4 dxc4 49. Bxc4 Kd7 50. Kc5 Kc7 51. Kd4 Kd7 52. Bb5+ Kd8 53. Kc5
Kc7 54. Be8 Ba6 55. Kd4 Be2 56. Nf8 Kd8 57. Bb5 Bxg4 58. Bc4 Ke7 59. Ng6+ Kf7
60. Nh8+ Ke8 61. Kc5 Be7+ 62. Kb5 Bb4 63. Ng6 Bxh5 64. Nf4 Bf7 65. Nxe6 Bxe6
66. Bxe6 g5 67. Bg4 Kf7 68. Kc6 Kg6 69. Kd5 h5 70. Bd7 g4 71. Ke4 Kg5 72. Ke3
Bc5+ 73. Ke2 Kf4 74. e6 h4 75. Kf1 h3 76. Bc6 Kg3 77. e7 Bxe7 78. Kg1 Kh4 0-1

[Event "Superettan(Rodeby-Upsala)"]
[Site "?"]
[Date "2012.03.11"]
[Round "9"]
[White "Lundvik, Jonas"]
[Black "Laksman, Efraim"]
[Result "1/2-1/2"]
[WhiteElo "2293"]
[BlackElo "2215"]
[PlyCount "63"]

1. d4 Nf6 2. g3 g6 3. Bg2 Bg7 4. Nf3 O-O 5. O-O d6 6. c4 Nc6 7. Nc3 Bf5 8. Nh4
Bd7 9. b3 Rb8 10. Bb2 a6 11. d5 Na5 12. e4 c5 13. f4 Ng4 14. Qd2 Bd4+ 15. Kh1
b5 16. cxb5 axb5 17. Nd1 Bxb2 18. Qxb2 e5 19. Nf3 f6 20. Qd2 Kg7 21. h3 Nh6 22.
Nf2 Qb6 23. Qe3 b4 24. Nd2 Bb5 25. Rfc1 Nf7 26. Bf1 Rfe8 27. Bc4 Nxc4 28. Nxc4
Bxc4 29. Rxc4 Qb7 30. Rd1 Qd7 31. Kg2 Ra8 32. Rd2 1/2-1/2

[Event "Superettan(Rodeby-Upsala)"]
[Site "?"]
[Date "2012.03.11"]
[Round "9"]
[White "Eriksson, Bengt"]
[Black "Johansson, Thomas"]
[Result "1-0"]
[WhiteElo "2092"]
[BlackElo "2249"]
[PlyCount "63"]

1. d4 c5 2. d5 d6 3. e4 g6 4. Nc3 Bg7 5. f4 a6 6. a4 Nf6 7. Nf3 O-O 8. Bc4 e6
9. O-O exd5 10. exd5 Re8 11. Re1 Rxe1+ 12. Qxe1 Bf5 13. h3 h5 14. Bb3 Nbd7 15.
Nh4 Qe8 16. Be3 Ne4 17. Nd1 Qe7 18. Nxf5 gxf5 19. a5 Nf8 20. Ra4 Re8 21. c3 Ng6
22. Qe2 h4 23. Qf3 Ng3 24. Bc2 Bh6 25. Kh2 Kg7 26. b3 Qf6 27. Bd3 Ne4 28. Bxe4
fxe4 29. Rxe4 Rxe4 30. Qxe4 Nxf4 31. b4 cxb4 32. Bd4 1-0

[Event "Superettan(Rodeby-Upsala)"]
[Site "?"]
[Date "2012.03.11"]
[Round "9"]
[White "Lindberg, Henrik"]
[Black "Dolgov, Mikhail"]
[Result "1-0"]
[WhiteElo "2264"]
[BlackElo "1963"]
[PlyCount "91"]

1. e4 e5 2. Nf3 Nc6 3. Nc3 Nf6 4. d4 exd4 5. Nxd4 Bb4 6. Nxc6 bxc6 7. Bd3 d5 8.
exd5 Qe7+ 9. Qe2 Qxe2+ 10. Kxe2 Bxc3 11. bxc3 cxd5 12. Be3 a5 13. Rab1 O-O 14.
f3 Re8 15. Kd2 Ba6 16. Rhe1 Nd7 17. Bxa6 Rxa6 18. Bf4 Rc8 19. Re7 Nb6 20. Rxc7
Rxc7 21. Bxc7 Nc4+ 22. Kd3 f6 23. Rb5 Rc6 24. Bg3 Kf7 25. Rxd5 Ke6 26. Rb5 a4
27. Rb7 g5 28. Rxh7 Nb2+ 29. Kd2 Nc4+ 30. Ke2 Kd5 31. Rd7+ Kc5 32. Rc7 Nb2 33.
Bf2+ Kd6 34. Rxc6+ Kxc6 35. Bd4 f5 36. g4 fxg4 37. fxg4 Kd5 38. Bf6 Nc4 39.
Bxg5 Ne5 40. h3 Kc4 41. Bf6 Ng6 42. h4 Nf4+ 43. Kf3 Nd5 44. g5 Nxc3 45. Bxc3
Kxc3 46. g6 1-0

[Event "Superettan(Rodeby-Upsala)"]
[Site "?"]
[Date "2012.03.11"]
[Round "9"]
[White "Bernhardsson, Sten"]
[Black "Marttala, Thomas"]
[Result "0-1"]
[WhiteElo "1948"]
[BlackElo "2238"]
[PlyCount "68"]

1. d4 d5 2. c4 e6 3. Nf3 c6 4. g3 dxc4 5. Bg2 b5 6. O-O Bb7 7. Ne5 Nf6 8. a4 a6
9. Nc3 Qb6 10. e4 Bb4 11. Be3 O-O 12. f4 c5 13. axb5 axb5 14. Rxa8 Bxa8 15. d5
Bxc3 16. bxc3 exd5 17. exd5 Rd8 18. Qe2 Bxd5 19. Qf2 Na6 20. h3 Ne4 21. Bxe4
Bxe4 22. Ra1 f6 23. Ng4 Bb7 24. Bd2 Qd6 25. Rd1 Qc6 26. Kh2 b4 27. Re1 bxc3 28.
Bxc3 Nb4 29. Qe2 Kh8 30. h4 Nd3 31. Rg1 Re8 32. Qa2 Qf3 33. Qxc4 Qxg4 34. Qxd3
Re2+ 0-1

[Event "Superettan(Lulea-Orgryte)"]
[Site "?"]
[Date "2012.03.11"]
[Round "9"]
[White "Frisk Kockum, Anton"]
[Black "Astrom, Robert"]
[Result "0-1"]
[WhiteElo "2402"]
[BlackElo "2493"]
[PlyCount "94"]

1. d4 Nf6 2. Nf3 e6 3. c4 c5 4. d5 exd5 5. cxd5 Bd6 6. Nc3 Bc7 7. g3 d6 8. Bg2
a6 9. a4 Nbd7 10. O-O O-O 11. b3 Re8 12. Bb2 Rb8 13. Qd3 Nf8 14. Rfe1 Ng6 15.
e4 Bd7 16. h3 b5 17. axb5 axb5 18. b4 Bb6 19. bxc5 Bxc5 20. Nd1 b4 21. e5 Bb5
22. Qd2 dxe5 23. Nxe5 Nxe5 24. Rxe5 Qd6 25. Qf4 Nd7 26. Rxe8+ Rxe8 27. Qxd6
Bxd6 28. Ne3 g6 29. Bf1 Bxf1 30. Kxf1 Rc8 31. Ke2 Kf8 32. Ra7 Ke8 33. h4 h5 34.
Kd1 Bc5 35. Rb7 Nb6 36. d6 Rd8 37. Be5 Bxd6 38. Bxd6 Rxd6+ 39. Kc2 Rf6 40. f4
Rc6+ 41. Kb1 Re6 42. Nc2 b3 43. Rb8+ Kd7 44. Nb4 Nc4 45. Nd3 Re3 46. Nc5+ Kd6
47. Nxb3 Rxb3+ 0-1

[Event "Superettan(Lulea-Orgryte)"]
[Site "?"]
[Date "2012.03.11"]
[Round "9"]
[White "Larsson, Anders"]
[Black "Ziegler, Ari"]
[Result "0-1"]
[WhiteElo "2362"]
[BlackElo "2411"]
[PlyCount "130"]

1. e4 c5 2. Nf3 e6 3. c3 Nf6 4. d3 d5 5. e5 Nfd7 6. d4 Nc6 7. Bd3 Qb6 8. O-O
cxd4 9. cxd4 Nxd4 10. Nxd4 Qxd4 11. Nc3 a6 12. Re1 Bc5 13. Be3 Qh4 14. Bxc5
Nxc5 15. Rc1 Nxd3 16. Qxd3 O-O 17. Re3 h6 18. Rg3 Bd7 19. h3 Rac8 20. Rg4 Qe7
21. a3 b5 22. Qe3 f5 23. Rd4 Qc5 24. Ne2 Qb6 25. Rdd1 Qxe3 26. fxe3 Rc4 27. b3
Re4 28. Kf2 Rxe5 29. Rc7 Be8 30. Rdc1 g5 31. Ra7 Bh5 32. Rcc7 Rf7 33. Rxf7 Bxf7
34. Rxa6 f4 35. exf4 gxf4 36. Nxf4 d4 37. Rd6 Re4 38. Ne2 e5 39. Rb6 Bxb3 40.
Ng3 Rf4+ 41. Ke1 Bc4 42. Rxh6 d3 43. Rg6+ Kf7 44. Rg4 Rf6 45. Ne4 Rf1+ 46. Kd2
Ke7 47. Rg7+ Ke6 48. Rg6+ Kd5 49. Nc3+ Kc5 50. h4 b4 51. axb4+ Kxb4 52. Ne4 Ra1
53. Rb6+ Ka5 54. Rb2 Rh1 55. Kc3 Rc1+ 56. Kd2 Rh1 57. Kc3 Bb5 58. g3 Re1 59.
Nd6 Ba6 60. h5 e4 61. h6 e3 62. h7 Rc1+ 63. Kd4 d2 64. h8=Q d1=Q+ 65. Ke4 Qd3+
0-1

[Event "Superettan(Lulea-Orgryte)"]
[Site "?"]
[Date "2012.03.11"]
[Round "9"]
[White "Tukhaev, Adam"]
[Black "Almstrom, Martin"]
[Result "1-0"]
[WhiteElo "2600"]
[BlackElo "2250"]
[PlyCount "107"]

1. e4 e5 2. Nc3 Nf6 3. Bc4 Nc6 4. d3 Na5 5. Nge2 c6 6. O-O Be7 7. Ng3 b5 8. Bb3
Nxb3 9. axb3 b4 10. Na4 d6 11. f4 exf4 12. Bxf4 O-O 13. Qd2 a5 14. Rae1 Be6 15.
Be3 Ng4 16. Bb6 Qb8 17. Nf5 Bd8 18. Bxd8 Qxd8 19. d4 Bxf5 20. Rxf5 Nh6 21. Rf3
f6 22. Qd3 Nf7 23. Qc4 Kh8 24. c3 bxc3 25. bxc3 Qc7 26. Qd3 Rae8 27. Rfe3 Re7
28. Nb2 Rfe8 29. Nc4 h6 30. Nd2 Qb7 31. Qc2 Ng5 32. h4 Nf7 33. Nf1 Qd7 34. Ng3
d5 35. Nf5 Rxe4 36. Rxe4 dxe4 37. Rxe4 Rxe4 38. Qxe4 Nd6 39. Nxd6 Qxd6 40. c4
Qb4 41. Qe3 Qa3 42. h5 a4 43. Qe8+ Kh7 44. Qe4+ Kg8 45. bxa4 Qxa4 46. d5 Qd1+
47. Kf2 Qd2+ 48. Kf3 Qc3+ 49. Kf4 cxd5 50. Qxd5+ Kf8 51. c5 Ke7 52. Kf5 Qg3 53.
Qe6+ Kd8 54. Qd6+ 1-0

[Event "Superettan(Lulea-Orgryte)"]
[Site "?"]
[Date "2012.03.11"]
[Round "9"]
[White "Setterqvist, Kurt"]
[Black "Kumar, Rahul"]
[Result "1-0"]
[WhiteElo "2341"]
[BlackElo "2154"]
[PlyCount "121"]

1. Nf3 Nf6 2. c4 c5 3. g3 g6 4. Bg2 Bg7 5. O-O O-O 6. d4 cxd4 7. Nxd4 Nc6 8.
Nc3 a6 9. Nc2 d6 10. Bd2 Bd7 11. Ne3 Rc8 12. Rc1 Re8 13. b3 Rb8 14. a4 Nd4 15.
Ned5 Nxd5 16. Nxd5 e6 17. Ne3 Qb6 18. b4 Rbc8 19. a5 Qc7 20. Bc3 Ba4 21. Qd3
Nf5 22. Nxf5 gxf5 23. Bxg7 Kxg7 24. Qe3 h6 25. Qd4+ f6 26. e4 fxe4 27. Qxe4 Bc6
28. Qg4+ Kh7 29. Qf4 Bxg2 30. Kxg2 f5 31. Rfd1 Qc6+ 32. Kg1 Rcd8 33. Rd4 Kg6
34. Qd2 Re7 35. Rd1 Red7 36. Rh4 Rh7 37. Qe2 Kf6 38. Qe3 h5 39. Qe2 Rdh8 40.
Qd2 Rd8 41. Qe2 Rdh8 42. Rhd4 Rd8 43. h4 e5 44. Rd5 Rh6 45. c5 Kf7 46. cxd6
Rdxd6 47. Rxd6 Rxd6 48. Qxh5+ Ke7 49. Qh7+ Kd8 50. Qg8+ Kc7 51. Qf7+ Kd8 52.
Qf8+ Kd7 53. Qxd6+ Qxd6 54. Rxd6+ Kxd6 55. f3 Kd5 56. Kf2 e4 57. fxe4+ Kxe4 58.
h5 Ke5 59. Kf3 Ke6 60. Kf4 Kf6 61. h6 1-0